000 00309nam a2200133 i 4500
001 bg
100 1 _aMUSIL, J.
245 0 _aUrbanizacja w krajach socjalistycznych /
_cJ. Musil.
260 _aWarszawa,
_c1984.
040 _cBPK
041 _apol
942 _cKS
008 s pl f |000 0 pol
999 _c22404
_d22404
856 _uhttp://koha.tu.koszalin.pl/cgi-bin/koha/opac-detail.pl?biblionumber=22404
_yKatalog online BPK